[Event "Titled Tue 10th Jun Late"]
[Site "chess.com INT"]
[Date "2025.06.10"]
[Round "1"]
[White "Caprio, Guido"]
[Black "Maglioni, Leonardo"]
[Result "0-1"]
[WhiteTitle "IM"]
[WhiteElo "2435"]
[BlackElo "2069"]
[WhiteFideId "834580"]
[BlackFideId "2896830"]
[EventDate "2025.06.10"]

1. d4 Nf6 2. c4 g6 3. Nc3 Bg7 4. e4 d6 5. Nge2 O-O 6. Ng3 c5 7. d5 e6 8. Be2
exd5 9. exd5 a6 10. O-O Re8 11. Bf4 Qc7 12. Re1 Nbd7 13. Bf3 Rxe1+ 14. Qxe1 Rb8
15. Rc1 b5 16. cxb5 axb5 17. b4 Qb6 18. Nce4 Nxe4 19. Nxe4 Be5 20. bxc5 Nxc5 21.
Bxe5 Nxe4 22. Qxe4 dxe5 23. Qxe5 Bf5 24. Rc6 Qa7 25. g4 Bb1 26. Rc7 Qa3 27. Qf6
Qf8 28. d6 Bxa2 29. d7 Be6 30. Bc6 b4 31. Qb2 Qd6 32. Rb7 Rxb7 33. Bxb7 Qxd7 34.
Qxb4 Bxg4 35. h4 h5 36. Kh2 Be6 37. Kg3 Qc7+ 38. Kg2 Qd8 39. Bf3 Bd5 40. Kg3
Bxf3 41. Kxf3 Qf8 42. Qd4 Qe7 43. Kg3 Qe6 44. f3 Qe8 45. Qc3 Qf8 46. Qd4 Qg7 47.
Qd8+ Kh7 48. Qd6 Qb2 49. Qc7 Kg7 50. Qf4 Qf6 51. Qe3 Qe6 52. Qd4+ Qf6 53. Qe3
Qd6+ 54. Kg2 Kf6 55. Qc3+ Qe5 56. Qd2 g5 0-1

[Event "Titled Tue 10th Jun Late"]
[Site "chess.com INT"]
[Date "2025.06.10"]
[Round "1"]
[White "Thorhallsson, Simon"]
[Black "Lazavik, Denis"]
[Result "1-0"]
[WhiteTitle "FM"]
[BlackTitle "GM"]
[WhiteElo "2202"]
[BlackElo "2580"]
[WhiteFideId "2310090"]
[BlackFideId "13515110"]
[EventDate "2025.06.10"]

1. e4 c5 2. Nc3 d6 3. d4 cxd4 4. Qxd4 Nc6 5. Qd2 g6 6. b3 Bh6 7. f4 Nf6 8. Bb2
O-O 9. O-O-O e5 10. g3 Bg4 11. Be2 Be6 12. Kb1 Nd4 13. Bd3 Nh5 14. Nce2 Nc6 15.
h3 d5 16. g4 Nxf4 17. Nxf4 Bxf4 18. Qe2 d4 19. Nf3 a5 20. c3 a4 21. Bc4 axb3 22.
axb3 Bxc4 23. Qxc4 Na5 24. Qb5 d3 25. Rxd3 Qf6 26. h4 Qe6 27. c4 Nc6 28. h5 g5
29. h6 Rab8 30. Rd5 f6 31. Ba3 Rf7 32. Rhd1 Re8 33. Rg1 Rc7 34. Rd6 Qf7 35. Qb6
Rd7 36. Rgd1 Rxd6 37. Rxd6 Ra8 38. Kb2 Bc1+ 39. Kxc1 Rxa3 40. Kb2 Ra6 41. Qc5
Ra8 42. Ne1 Qf8 43. Ng2 Qxh6 44. Ne3 Qh2+ 45. Kc3 Qe2 46. Qd5+ Kh8 47. Nc2 Qf3+
48. Kb2 Rf8 49. Rd7 Qxg4 50. Rxb7 Qc8 51. Qd6 Kg8 52. Rc7 Qe8 53. Rxc6 Rf7 54.
Qc5 Kg7 55. Rc8 Qd7 56. Rc6 h5 57. Rd6 Qb7 58. Qd5 Qa7 59. c5 h4 60. c6 h3 61.
Rd7 Rxd7 62. cxd7 h2 63. d8=Q h1=Q 64. Q5g8+ Kh6 65. Qh8+ Kg6 66. Qdg8+ 1-0

[Event "Titled Tue 10th Jun Late"]
[Site "chess.com INT"]
[Date "2025.06.10"]
[Round "1"]
[White "Arabidze, Meri"]
[Black "Sarkar, Justin"]
[Result "0-1"]
[WhiteTitle "IM"]
[BlackTitle "IM"]
[WhiteElo "2440"]
[BlackElo "2284"]
[WhiteFideId "13604040"]
[BlackFideId "2010011"]
[EventDate "2025.06.10"]

1. d4 Nf6 2. c4 e6 3. Nc3 c5 4. d5 exd5 5. cxd5 d6 6. Nf3 g6 7. g3 Bg7 8. Bg2
O-O 9. O-O Re8 10. Bf4 Ne4 11. Nxe4 Rxe4 12. Nd2 Rxf4 13. gxf4 Bxb2 14. Rb1 Bg7
15. e4 Qh4 16. Qf3 Bh6 17. Qg3 Qxf4 18. Nc4 Qxg3 19. hxg3 Bf8 20. f4 Na6 21. e5
Nb4 22. a3 Nc2 23. exd6 b6 24. Rfc1 Nd4 25. Kf2 Ba6 26. d7 Bxc4 27. Rxc4 Rd8 28.
a4 Rxd7 29. Rcc1 f5 30. Re1 Kf7 31. Re3 c4 32. Rc3 Bc5 33. Kf1 Nb3 34. Rd1 Bb4
35. Rc2 c3 36. d6 Nd2+ 37. Ke2 Rxd6 38. Rh1 h5 39. Bb7 a5 40. Ba6 Kf6 41. Bb5
Re6+ 42. Kd3 Ne4 43. Kc4 Rd6 44. Kb3 Rd2 45. Rg1 Rxc2 46. Kxc2 Bc5 47. Rg2 Bf2
48. Bc6 Be1 49. Bxe4 fxe4 50. Re2 Bxg3 51. Rxe4 h4 52. Re3 Bxf4 53. Re8 h3 54.
Rh8 h2 55. Kxc3 g5 56. Rh3 g4 57. Rh7 g3 58. Rh8 g2 59. Rf8+ Kg7 60. Rg8+ Kxg8
61. Kc4 g1=Q 62. Kb5 Qc5+ 63. Ka6 Qc4+ 64. Ka7 Qxa4 65. Ka6 Qb5+ 66. Kxb5 h1=Q
67. Ka6 Qc6 68. Ka7 Qc7+ 69. Ka6 b5 70. Kxb5 Bd6 0-1

[Event "Titled Tue 10th Jun Late"]
[Site "chess.com INT"]
[Date "2025.06.10"]
[Round "1"]
[White "Schernthaner, David"]
[Black "Petrus, Adrian"]
[Result "1-0"]
[WhiteTitle "FM"]
[BlackTitle "CM"]
[WhiteElo "2401"]
[BlackElo "2203"]
[WhiteFideId "1649574"]
[BlackFideId "14573652"]
[EventDate "2025.06.10"]

1. b3 d5 2. Bb2 c5 3. Nf3 Nc6 4. e3 f6 5. d4 cxd4 6. exd4 Bg4 7. h3 Bh5 8. Bd3
e6 9. O-O Bd6 10. Re1 Bf7 11. c4 Nge7 12. Nc3 O-O 13. a3 Rc8 14. Qc2 Ng6 15. g3
Bb8 16. cxd5 exd5 17. h4 Re8 18. Rxe8+ Qxe8 19. Re1 Qd8 20. Bf5 Rc7 21. Qd3 a6
22. Na4 Re7 23. Nc5 Nf8 24. Kg2 Bd6 25. b4 Bg6 26. Bxg6 hxg6 27. Rxe7 Qxe7 28.
Qb3 Bxc5 29. Qxd5+ Qe6 30. Qxe6+ Nxe6 31. dxc5 Kf7 32. Kf1 a5 33. Bc3 Nc7 34.
bxa5 Na6 35. Nd4 Nxc5 36. Ke2 Ne4 37. Nxc6 bxc6 38. Be1 Nc5 39. Bb4 Na6 40. Kd3
Ke6 41. Kc4 g5 42. h5 Kf7 43. Bd6 g6 44. h6 Kg8 45. Be7 Kf7 46. h7 Kg7 47. Bxf6+
Kxh7 48. Bxg5 Kg7 49. Bf4 Kf7 50. Kd4 Ke6 51. Be3 Kf5 52. f3 g5 53. g4+ Kf6 54.
Ke4 Nc7 55. Bd4+ Ke6 56. Bb6 Na6 57. Be3 Kf6 58. f4 gxf4 59. Kxf4 Nc7 60. g5+
Kg6 61. Ke5 Na6 62. Kd6 c5 63. Bxc5 Kxg5 64. Kc6 Kf6 65. Kb6 Nb8 66. a6 Nxa6 67.
Kxa6 Ke6 68. Kb7 Kd7 69. Be3 Kd6 70. a4 1-0

[Event "Titled Tue 10th Jun Late"]
[Site "chess.com INT"]
[Date "2025.06.10"]
[Round "1"]
[White "Moskalenko, Alexander"]
[Black "Azamikia, Mehran"]
[Result "1-0"]
[WhiteTitle "GM"]
[BlackTitle "CM"]
[WhiteElo "2422"]
[BlackElo "2130"]
[WhiteFideId "4155351"]
[BlackFideId "12502502"]
[EventDate "2025.06.10"]

1. d4 d5 2. c4 dxc4 3. e3 e5 4. Bxc4 exd4 5. Nf3 Bb4+ 6. Bd2 Bxd2+ 7. Qxd2 Nc6
8. exd4 Nf6 9. O-O O-O 10. h3 Bf5 11. Nc3 Ne4 12. Qf4 Nxc3 13. bxc3 Bg6 14. Rfe1
Qd6 15. Ne5 Nxe5 16. Qxe5 Qxe5 17. Rxe5 Rfe8 18. f4 Kf8 19. Kf2 f6 20. Rc5 Re7
21. Re1 Rae8 22. Rxe7 Rxe7 23. Ra5 a6 24. f5 Bf7 25. Bd3 Ke8 26. c4 c6 27. Ra4
Rd7 28. Ke3 Re7+ 29. Kd2 Rd7 30. c5 Bd5 31. g3 Kd8 32. a3 Re7 33. Rb4 Kc7 34.
Rb1 h6 35. h4 Bf7 36. Rb2 Bd5 37. Rb1 Bf7 38. Rf1 Bd5 39. Rg1 Bf7 40. g4 Rd7 41.
Kc3 Re7 42. g5 hxg5 43. hxg5 Bd5 44. gxf6 gxf6 45. Rg6 Rf7 46. Rh6 b6 47. Bxa6
b5 48. Kb4 Be4 49. a4 bxa4 50. Bc4 Rd7 51. Rxf6 Rxd4 52. Kc3 Rd7 53. Be6 Re7 54.
Kb4 Bc2 55. Rf8 Kb7 56. Rd8 Kc7 57. Rd6 Rh7 58. f6 Bd1 59. f7 Rh8 60. Rd7+ Kb8
61. Rxd1 Rh4+ 62. Ka5 Rf4 63. Rd8+ Kc7 64. f8=Q Rxf8 65. Rxf8 a3 66. Ba2 Kb7 67.
Rf6 Ka8 68. Rxc6 1-0

[Event "Titled Tue 10th Jun Late"]
[Site "chess.com INT"]
[Date "2025.06.10"]
[Round "1"]
[White "Liu, Jason"]
[Black "Cori Quispe, Kevin Joel"]
[Result "1-0"]
[WhiteTitle "CM"]
[BlackTitle "GM"]
[WhiteElo "2125"]
[BlackElo "2464"]
[WhiteFideId "2514656"]
[BlackFideId "3814017"]
[EventDate "2025.06.10"]

1. e4 c5 2. Nf3 g6 3. d4 cxd4 4. Nxd4 Bg7 5. Be2 Nc6 6. Be3 Nf6 7. Nc3 O-O 8.
O-O d5 9. exd5 Nxd5 10. Nxc6 bxc6 11. Bd4 Nxc3 12. bxc3 Be6 13. Bf3 Qc7 14. Re1
Rfd8 15. Qd2 Rab8 16. Qe3 Bxd4 17. cxd4 Rb2 18. c3 a5 19. a3 Rb3 20. Bd1 Rb2 21.
Bf3 Rd7 22. h3 h5 23. Rab1 Ra2 24. Ra1 Rxa1 25. Rxa1 Bb3 26. Rb1 a4 27. Bd1 Bxd1
28. Rxd1 e5 29. Rb1 exd4 30. cxd4 Re7 31. Qc3 Qd6 32. Rc1 h4 33. Kf1 Qh2 34. f3
Re6 35. Re1 Qd6 36. Rxe6 Qxe6 37. Qd3 Qb3 38. Qe4 Qxa3 39. Qe8+ Kg7 40. Qe5+ Kh7
41. Qf6 Qd3+ 42. Kg1 Qc4 43. Qxh4+ Kg7 44. Qf4 Qd5 45. Qe3 Qa5 46. Qa3 Qb5 47.
Qd6 Qc4 48. Qe5+ f6 49. Qe7+ Qf7 50. Qb4 Qa7 51. Qa3 Qxd4+ 52. Kh1 c5 53. Qa2
Qb4 54. Qe6 Qb7 55. Qa2 Qa7 56. h4 a3 57. Kh2 c4 58. g4 c3 59. h5 c2 60. Qxc2 a2
61. Qxg6+ Kf8 62. Qxf6+ Qf7 63. Qd6+ Kg7 64. Qe5+ Kg8 65. h6 Kh7 66. g5 Qxf3 67.
Qg7# 1-0

[Event "Titled Tue 10th Jun Late"]
[Site "chess.com INT"]
[Date "2025.06.10"]
[Round "1"]
[White "Zlatin, Alexander"]
[Black "Schnaider, Ilan"]
[Result "1-0"]
[WhiteTitle "FM"]
[BlackTitle "IM"]
[WhiteElo "2313"]
[BlackElo "2388"]
[WhiteFideId "2810549"]
[BlackFideId "169013"]
[EventDate "2025.06.10"]

1. e4 e5 2. Nf3 Nc6 3. Bc4 Nf6 4. d3 Bc5 5. c3 d6 6. Nbd2 a5 7. a4 h6 8. h3 Ba7
9. Bb3 Be6 10. Bc2 Qd7 11. Qe2 O-O 12. g4 Nh7 13. Nf1 d5 14. Ng3 Rad8 15. Nf5
Kh8 16. h4 Bxf5 17. gxf5 dxe4 18. dxe4 Bc5 19. Be3 Bxe3 20. Qxe3 Nf6 21. O-O Qe7
22. Kg2 Nh5 23. Rfd1 Rg8 24. Kh2 Rxd1 25. Bxd1 Rd8 26. Bb3 Nf4 27. Rd1 Rxd1 28.
Bxd1 b6 29. Bb3 Kg8 30. Bd5 Nb8 31. Qd2 Nd7 32. Bc6 Nf6 33. b4 Kh7 34. Kg1 Qf8
35. Kf1 Qe7 36. Ke1 Ng4 37. Kd1 Qd6 38. Qxd6 cxd6 39. Nd2 Nxf2+ 40. Kc2 g5 41.
fxg6+ fxg6 42. Nc4 g5 43. hxg5 hxg5 44. Nxb6 g4 45. Nc4 g3 46. Ne3 Ng4 47. Kd2
g2 48. Nxg2 Nxg2 49. bxa5 Nh4 50. a6 Nf3+ 51. Kd3 Ne1+ 52. Kc4 Ne3+ 53. Kb5 Nd1
54. c4 Nc3+ 55. Kb6 Nc2 56. a7 Na3 57. a8=Q Nxc4+ 58. Kc7 Kg6 59. Qg8+ Kf6 60.
Qxc4 Ne2 61. Qd5 Ke7 62. Qxd6+ Kf7 63. Bd5+ Kg7 64. Qxe5+ Kh6 65. Qf6+ Kh5 66.
Qf3+ Kh4 67. Qxe2 Kg3 68. e5 Kf4 69. e6 Kg5 70. e7 Kf6 71. e8=Q Kg7 72. a5 Kh6
73. a6 Kg5 74. a7 Kf4 75. a8=Q Kg3 76. Q8e3+ Kh4 77. Qh8# 1-0

[Event "Titled Tue 10th Jun Late"]
[Site "chess.com INT"]
[Date "2025.06.10"]
[Round "1"]
[White "Shukhman, Anna"]
[Black "Rosenberg, Evan S"]
[Result "1/2-1/2"]
[WhiteTitle "WGM"]
[WhiteElo "2413"]
[BlackElo "1989"]
[WhiteFideId "54180058"]
[BlackFideId "2019299"]
[EventDate "2025.06.10"]

1. e4 e5 2. Nf3 Nf6 3. Nxe5 d6 4. Nd3 Nxe4 5. Qe2 Qe7 6. Nf4 c6 7. d4 d5 8. f3
Nd6 9. c3 Qxe2+ 10. Bxe2 Be7 11. Nd2 O-O 12. Nf1 Re8 13. Kf2 Nd7 14. h4 Nf8 15.
g4 Ne6 16. Nxe6 Bxe6 17. Ng3 a5 18. Bd3 a4 19. a3 Nc4 20. Bxc4 dxc4 21. Bg5 f6
22. Bf4 g6 23. Rae1 Bd5 24. Ne4 Bxe4 25. Rxe4 Kf7 26. Rhe1 Bf8 27. h5 Rxe4 28.
fxe4 Ra5 29. hxg6+ hxg6 30. Kf3 Rb5 31. Re2 Ke6 32. Rg2 Bd6 33. Bc1 Rb3 34. g5
b5 35. gxf6 Kxf6 36. e5+ Bxe5 37. dxe5+ Kxe5 38. Rxg6 c5 39. Rg5+ Kd6 40. Ke4 b4
41. Rg6+ Kd7 42. Kd5 bxc3 43. bxc3 Rxc3 44. Rg7+ Ke8 45. Ke6 Kd8 46. Rg1 Rd3 47.
Bf4 Kc8 48. Rg3 Kb7 49. Rg7+ Kc6 50. Bc1 Rd1 51. Bf4 Re1+ 52. Be5 c3 53. Rg3 c2
54. Rc3 Re2 55. Kf5 Kd5 56. Bh8 c4 57. Bg7 Rf2+ 58. Kg4 Rg2+ 59. Kf3 Rxg7 60.
Rxc2 Kd4 61. Rd2+ Kc3 62. Rd8 Kb3 63. Ke3 Rc7 64. Kd2 c3+ 65. Kc1 c2 66. Rb8+
Kxa3 67. Rb6 Rc3 68. Rb2 Rc4 69. Rxc2 Rxc2+ 70. Kxc2 Ka2 71. Kc1 a3 72. Kc2 Ka1
73. Kc1 a2 74. Kc2 1/2-1/2

[Event "Titled Tue 10th Jun Late"]
[Site "chess.com INT"]
[Date "2025.06.10"]
[Round "1"]
[White "Md Abu Hanif"]
[Black "Moosavifar, Seyed Abolfazl"]
[Result "0-1"]
[WhiteTitle "CM"]
[BlackTitle "FM"]
[WhiteElo "2100"]
[BlackElo "2303"]
[WhiteFideId "10200835"]
[BlackFideId "42548195"]
[EventDate "2025.06.10"]

1. d4 d5 2. Nf3 e6 3. Nbd2 Nf6 4. e3 c5 5. Be2 Nc6 6. O-O Bd6 7. b3 e5 8. dxe5
Nxe5 9. Bb2 Qe7 10. c4 dxc4 11. Nxc4 Nxc4 12. Bxc4 O-O 13. a4 Rd8 14. Qc2 h6 15.
Rad1 Be6 16. Rd2 Bxc4 17. Qxc4 Ne4 18. Rd5 Bc7 19. Rfd1 Rxd5 20. Rxd5 Rd8 21.
Rxd8+ Qxd8 22. Qc2 Qd5 23. h3 a6 24. Kf1 b5 25. axb5 axb5 26. Ke2 c4 27. bxc4
bxc4 28. Bd4 c3 29. Qa4 Kh7 30. h4 Qb7 31. Qc2 f5 32. Ne1 Qb5+ 33. Nd3 Ba5 34.
g3 Qc4 35. Kf3 Nd2+ 36. Ke2 Nb3 37. Be5 Nc5 38. Bd4 Nb3 39. Be5 Na1 40. Qb1 Qa4
41. Qb7 Qa2+ 42. Kf3 Qg8 43. Qa7 Nb3 44. Qb7 Nd2+ 45. Ke2 Nb3 46. Qb5 c2 47. Qc6
Bd2 48. Qxc2 Qd5 49. Nf4 Qb5+ 50. Qd3 Nc1+ 51. Kxd2 Nxd3 52. Nxd3 Kg6 53. Ke2
Kf7 54. Kd2 Qc4 55. Bd4 Qa2+ 56. Ke1 g5 57. hxg5 hxg5 58. Kf1 Qb1+ 59. Ke2 Qc2+
60. Kf3 Qxd3 61. g4 Qe4+ 62. Kg3 Qxg4+ 63. Kh2 f4 64. exf4 gxf4 0-1

[Event "Titled Tue 10th Jun Late"]
[Site "chess.com INT"]
[Date "2025.06.10"]
[Round "1"]
[White "Nigalidze, Gaioz"]
[Black "Ngo, Quang Thai"]
[Result "1-0"]
[WhiteTitle "IM"]
[BlackTitle "FM"]
[WhiteElo "2368"]
[BlackElo "2326"]
[WhiteFideId "13603078"]
[BlackFideId "12403768"]
[EventDate "2025.06.10"]

1. e4 c5 2. Nf3 e6 3. c3 d5 4. d3 Nc6 5. Be2 Nf6 6. Nbd2 Be7 7. O-O O-O 8. Qc2
b6 9. a3 Bb7 10. Re1 Qc7 11. Nf1 Rfd8 12. a4 Rac8 13. Ne3 d4 14. Nc4 h6 15. Qb3
Ba6 16. h3 e5 17. Nfd2 Qd7 18. Nf1 Qe6 19. Nfd2 Rd7 20. Qc2 Rcd8 21. Kh2 Bf8 22.
g3 g6 23. Rf1 Bg7 24. Qb3 Kh7 25. f4 Qe7 26. f5 g5 27. Rf2 Ne8 28. Bh5 Bf6 29.
Be2 Nd6 30. Nxd6 Qxd6 31. c4 Kg7 32. Bh5 Nb4 33. Nb1 Bb7 34. Na3 a6 35. Bd2 Bc6
36. Bxb4 cxb4 37. Nc2 a5 38. Ne1 Rh8 39. Qd1 Re7 40. Kg2 Ree8 41. Nf3 Qc7 42.
Nh2 Reg8 43. Ng4 Qd6 44. b3 Kf8 45. Rc1 Ke7 46. Qc2 Qc5 47. Qe2 Bd7 48. Rc2 Rc8
49. Ra2 Qd6 50. Nh2 Qc5 51. Nf3 Qd6 52. Rf1 Qc5 53. Rh1 Qd6 54. h4 gxh4 55. gxh4
Rcg8+ 56. Kh3 Rg7 57. Rg1 Rhg8 58. Rxg7 Rxg7 59. Qd2 Rh7 60. Ra1 Kd8 61. Rg1 Qf8
62. Qg2 Rg7 63. Qh2 Rxg1 64. Qxg1 Ke7 65. Qh2 Qg7 66. Qf2 Kd6 67. Nh2 Kc5 68.
Ng4 Kd6 69. Qh2 Kc5 70. Qd2 Kd6 71. Qc1 Kc5 72. Nxh6 1-0

[Event "Titled Tue 10th Jun Late"]
[Site "chess.com INT"]
[Date "2025.06.10"]
[Round "1"]
[White "Nalbandyan, Vahan"]
[Black "Ragger, Markus"]
[Result "1-0"]
[WhiteTitle "CM"]
[BlackTitle "GM"]
[WhiteElo "2155"]
[BlackElo "2566"]
[WhiteFideId "13309439"]
[BlackFideId "1610856"]
[EventDate "2025.06.10"]

1. d4 Nf6 2. c4 g6 3. Nf3 Bg7 4. g3 c5 5. d5 b5 6. cxb5 a6 7. bxa6 d6 8. Nc3 Qa5
9. a4 O-O 10. Bd2 Bxa6 11. Qc2 Qb6 12. Bg2 Bb7 13. e4 Ba6 14. h3 Nbd7 15. Bf1
Rfb8 16. Bb5 Bxb5 17. Nxb5 Qxb5 18. axb5 Rxa1+ 19. Bc1 Nxe4 20. O-O Nef6 21. Qd3
Ra5 22. Re1 Bf8 23. Bd2 Raxb5 24. Bc3 c4 25. Qxc4 Nxd5 26. Nd4 Rc5 27. Qa4 N7b6
28. Qa3 Nxc3 29. bxc3 Nd5 30. Rc1 Rbc8 31. Ne2 Bg7 32. Qa7 Bf6 33. Kg2 Nxc3 34.
Nxc3 Rxc3 35. Rxc3 Rxc3 36. Qa8+ Kg7 37. Qd5 h5 38. h4 Rc5 39. Qd3 Be5 40. Qd2
e6 41. Qe3 Rc3 42. Qd2 d5 43. Qe2 Bf6 44. f3 e5 45. g4 hxg4 46. fxg4 e4 47. g5
Be5 48. Qb5 Rd3 49. h5 gxh5 50. Qc6 Rg3+ 51. Kf2 Rxg5 52. Kf1 Bf6 53. Qc7 d4 54.
Qf4 e3 55. Ke2 h4 56. Qf3 Rg3 57. Qf4 Rg2+ 58. Kd3 h3 59. Qf3 Rd2+ 60. Kc4 e2
61. Qg3+ Kf8 62. Qd6+ Be7 63. Qh6+ Ke8 64. Qxd2 h2 65. Qe1 d3 66. Kxd3 Bb4 67.
Qxe2+ Kd7 68. Qxh2 Bd6 69. Qh3+ Ke7 70. Ke4 f6 71. Qf5 Be5 72. Kd5 Kf7 73. Qh7+
Ke8 74. Ke6 Kd8 75. Qd7# 1-0

[Event "Titled Tue 10th Jun Late"]
[Site "chess.com INT"]
[Date "2025.06.10"]
[Round "1"]
[White "Risteski, Emil"]
[Black "Harish, Neeraj"]
[Result "1/2-1/2"]
[WhiteTitle "IM"]
[BlackTitle "CM"]
[WhiteElo "2374"]
[BlackElo "2192"]
[WhiteFideId "15005267"]
[BlackFideId "30958130"]
[EventDate "2025.06.10"]

1. g3 d5 2. Bg2 c6 3. d3 Nf6 4. Nf3 Bf5 5. O-O h6 6. Nc3 e6 7. Nd2 Nbd7 8. e4
Bg6 9. f4 d4 10. Ne2 c5 11. a4 Qc7 12. Nc4 Be7 13. h3 O-O 14. g4 Ne8 15. f5 Bh7
16. Nf4 exf5 17. Nd5 Qd8 18. exf5 Bg5 19. Bxg5 Qxg5 20. Qc1 Qxc1 21. Raxc1 Nef6
22. Nxf6+ Nxf6 23. Bxb7 Rab8 24. Bf3 h5 25. Rce1 hxg4 26. hxg4 Nd7 27. Re7 Nb6
28. b3 Nxc4 29. dxc4 a5 30. Rfe1 g6 31. f6 g5 32. Bd1 Rb6 33. R7e5 Rxf6 34. Rxc5
Bg6 35. Rxa5 Rd8 36. Rxg5 d3 37. cxd3 Rxd3 38. Bc2 Rd2 39. Bxg6 fxg6 40. Rf1 Re6
41. Rf2 Rd1+ 42. Kg2 Kg7 43. Rb5 Rd3 44. a5 Ree3 45. a6 Rg3+ 46. Kf1 Rd1+ 47.
Ke2 Ra1 48. Rb6 Ra2+ 49. Kf1 Ra1+ 50. Ke2 Ra2+ 51. Ke1 Rg1+ 52. Rf1 Ra1+ 53. Ke2
Rgxf1 54. Rb7+ Kf6 55. Rb6+ Kg5 56. b4 Rh1 57. Kd3 Rh3+ 58. Kd4 Rha3 59. b5 Kxg4
60. Rxg6+ Kf5 61. Rc6 Rd1+ 62. Kc5 Ke5 63. Kb6 Rda1 64. Kb7 Kd4 65. Rc8 Ke5 66.
c5 Kd5 67. c6 Ra5 68. b6 Rxa6 69. Rh8 Kd6 70. c7 Rxb6+ 71. Kxb6 Rb1+ 72. Ka7
Kxc7 73. Rh7+ Kd6 74. Rh6+ Kd5 75. Rh5+ Kd6 76. Rh6+ 1/2-1/2

[Event "Titled Tue 10th Jun Late"]
[Site "chess.com INT"]
[Date "2025.06.10"]
[Round "1"]
[White "Khlebovich, Alexander"]
[Black "Kunin, Vitaly"]
[Result "1-0"]
[WhiteTitle "IM"]
[BlackTitle "GM"]
[WhiteElo "2423"]
[BlackElo "2500"]
[WhiteFideId "4169123"]
[BlackFideId "4128737"]
[EventDate "2025.06.10"]

1. d4 d5 2. c4 dxc4 3. Nf3 Nf6 4. e3 Bg4 5. h3 Bh5 6. Qa4+ c6 7. Qxc4 e6 8. Ne5
Nbd7 9. Nxd7 Qxd7 10. Be2 Bxe2 11. Qxe2 c5 12. O-O cxd4 13. Rd1 Bc5 14. b4 Bb6
15. Bb2 O-O 16. Bxd4 Bxd4 17. Rxd4 Qe7 18. Nc3 Rfd8 19. Rad1 Rxd4 20. Rxd4 Rd8
21. Qd3 Rxd4 22. Qxd4 a6 23. Na4 Nd5 24. a3 h6 25. e4 Nf4 26. Qe5 Ne2+ 27. Kf1
Qd7 28. Kxe2 Qxa4 29. Qb8+ Kh7 30. Qxb7 Qc2+ 31. Kf3 Qd3+ 32. Kg4 f5+ 33. exf5
exf5+ 34. Kf4 Qxa3 35. Kxf5 Qb2 36. f4 a5 37. b5 a4 38. b6 a3 39. Qa6 a2 40. b7
Qb1+ 41. Kg4 Qd1+ 42. Kg3 a1=Q 43. Qxa1 Qxa1 44. b8=Q Qc3+ 45. Kh2 Qd2 46. Qe5
Qc2 47. Kg3 Qd3+ 48. Kg4 Qd1+ 49. Kh4 Qd8+ 50. Kg3 Qd3+ 51. Kh2 Qd2 52. Qe4+ Kh8
53. Kg3 Qc3+ 54. Kg4 Qc8+ 55. f5 Qc3 56. g3 Qb2 57. h4 Qc3 58. Qf4 Qf6 59. Qe4
Qc3 60. Qe6 Qd4+ 61. Kh5 Qd1+ 62. g4 Qd4 63. Qe8+ Kh7 64. Qe7 Kh8 65. f6 gxf6
66. Kxh6 Qf4+ 67. Kh5 Qf3 68. Qf8+ Kh7 69. Qf7+ Kh8 70. Qg6 Qf2 71. Qf5 Kg8 72.
Qxf2 1-0

[Event "Titled Tue 10th Jun Late"]
[Site "chess.com INT"]
[Date "2025.06.10"]
[Round "1"]
[White "Fernandez Siles, Luis"]
[Black "Martin Fuentes, Alberto"]
[Result "1/2-1/2"]
[WhiteTitle "FM"]
[BlackTitle "FM"]
[WhiteElo "2170"]
[BlackElo "2376"]
[WhiteFideId "2209420"]
[BlackFideId "2292289"]
[EventDate "2025.06.10"]

1. e4 e6 2. d4 d5 3. e5 c5 4. c3 Qb6 5. Nf3 Nc6 6. a3 f6 7. Bd3 fxe5 8. Nxe5
Nxe5 9. dxe5 g6 10. h4 Bg7 11. h5 Ne7 12. hxg6 hxg6 13. Rxh8+ Bxh8 14. Qg4 Bxe5
15. Bxg6+ Kd8 16. Nd2 Qd6 17. Nf3 Bd7 18. Bg5 Bg7 19. Qh4 e5 20. O-O-O Qxg6 21.
Bxe7+ Kc7 22. Bxc5 Qe6 23. Qg3 Bh6+ 24. Kb1 Bf4 25. Qh4 b6 26. Be3 Bxe3 27. fxe3
Rg8 28. Qh5 Qf5+ 29. Qxf5 Bxf5+ 30. Ka1 e4 31. Nd4 Bd7 32. Ne2 Rxg2 33. Nf4 Rg3
34. Nxd5+ Kc6 35. Rd4 Be6 36. Ne7+ Kc7 37. c4 Rxe3 38. Ng6 Re1+ 39. Ka2 e3 40.
Nf4 Bf5 41. Rd5 Bc2 42. Re5 a6 43. b4 a5 44. Kb2 axb4 45. axb4 Bd1 46. Nd5+ Kd6
47. Rxe3 Rxe3 48. Nxe3 Be2 49. Kc3 Ke5 50. Nc2 Bf1 51. Nd4 Bg2 52. Nb5 Ke6 53.
Kd4 Kd7 54. Nc3 Kc7 55. Nd5+ Kc6 56. b5+ Kd6 57. Nxb6 Kc7 58. Na4 Kb7 59. Nc3
Kc7 60. c5 Kb7 61. Nd5 Kc8 62. Nb4 Kb7 63. b6 Bf1 64. Nd5 Bg2 65. Ne7 Bf3 66.
Nf5 Bg2 67. Nd6+ Kc6 68. b7 Kc7 69. Kc4 Bxb7 70. Nxb7 Kxb7 71. Kb5 Kc7 72. c6
Kc8 73. Kb6 Kb8 74. Ka6 Kc7 75. Kb5 Kc8 76. Kc5 Kc7 77. Kd5 Kc8 78. Ke6 Kc7 79.
Kd5 Kc8 80. Kd6 Kd8 81. Kc5 Kc7 82. Kb5 1/2-1/2

[Event "Titled Tue 10th Jun Late"]
[Site "chess.com INT"]
[Date "2025.06.10"]
[Round "1"]
[White "Urbina Quiroz, Edwin"]
[Black "Hungaski, Robert"]
[Result "0-1"]
[BlackTitle "GM"]
[WhiteElo "2041"]
[BlackElo "2477"]
[WhiteFideId "6500650"]
[BlackFideId "2021030"]
[EventDate "2025.06.10"]

1. e4 e6 2. d4 d5 3. e5 Ne7 4. Nf3 b6 5. c3 Qd7 6. a4 Ba6 7. a5 Bxf1 8. Kxf1 b5
9. b4 Na6 10. h4 f5 11. h5 h6 12. Bf4 O-O-O 13. Nbd2 g5 14. hxg6 Nxg6 15. Bg3
Be7 16. Bh4 Bg5 17. Kg1 Qe7 18. Bg3 f4 19. Bh2 Rhg8 20. Qe2 c6 21. Qd3 Rg7 22.
Kf1 Rdg8 23. Ke2 Qf7 24. Rag1 Ne7 25. Ne1 Nf5 26. Ndf3 Kb7 27. Rf1 Ne7 28. Bg1
Ng6 29. Rh3 Ka8 30. Kd1 Rh7 31. Kc2 Be7 32. Kb3 h5 33. Rh1 h4 34. Rh3 Qf8 35.
Qd2 Qf5 36. Bh2 Rhg7 37. Qc2 Qf7 38. Qd3 Qf8 39. Bg1 Bxb4 40. cxb4 Qxb4+ 41. Kc2
Qxa5 42. Qc3 Nb4+ 43. Kd2 Qa2+ 44. Nc2 Qxc2+ 45. Qxc2 Nxc2 46. Kxc2 Kb7 47. Nxh4
Nxh4 48. Rxh4 Rxg2 49. Rh7+ Kb6 50. Bh2 R8g4 51. Kd2 a5 52. Ke2 b4 53. Kf3 Rg7
54. Rxg7 Rxg7 55. Bxf4 Rf7 56. Ke3 Kb5 57. Rh1 b3 58. Rh8 Kb4 59. Rb8+ Kc3 60.
Bg5 b2 61. Bd8 Kc2 62. Bxa5 b1=Q 63. Rxb1 Kxb1 64. Bb6 Kc2 65. Bc5 Rf5 66. f4
Kb3 67. Ba7 Kc4 68. Bb6 Kb5 69. Ba7 Kc4 70. Bb6 Rh5 71. Kf3 Kd3 72. Kg4 Rf5 73.
Ba7 Ke4 74. Bc5 Rxf4+ 0-1

[Event "Titled Tue 10th Jun Late"]
[Site "chess.com INT"]
[Date "2025.06.10"]
[Round "1"]
[White "Gasparyan, Erik R."]
[Black "Aliyev, Elnur"]
[Result "1-0"]
[WhiteTitle "IM"]
[BlackTitle "CM"]
[WhiteElo "2372"]
[BlackElo "2123"]
[WhiteFideId "13315730"]
[BlackFideId "13402617"]
[EventDate "2025.06.10"]

1. Nf3 g6 2. b3 Bg7 3. d4 c5 4. Bb2 cxd4 5. Nxd4 Nf6 6. e3 O-O 7. Be2 d5 8. O-O
Re8 9. Nd2 e5 10. N4f3 Nc6 11. Re1 Bf5 12. Nf1 Ne4 13. a3 Rc8 14. Ng3 Nxg3 15.
hxg3 h5 16. c4 dxc4 17. Bxc4 Na5 18. Qxd8 Rcxd8 19. Red1 Bc2 20. Rxd8 Rxd8 21.
Bxe5 Bxb3 22. Bxb3 Nxb3 23. Rb1 Nc5 24. Bd4 b6 25. Bxc5 bxc5 26. Rc1 Bb2 27.
Rxc5 Bxa3 28. Ra5 Rd1+ 29. Kh2 Bb2 30. Rxa7 Rf1 31. Ra2 Rxf2 32. Ne5 h4 33. Nc4
hxg3+ 34. Kh3 Bf6 35. Ra7 Rc2 36. Nd6 Rc6 37. Nxf7 Re6 38. Nh6+ Kf8 39. Ng4 Bg5
40. Ra3 Kg7 41. Kxg3 Re7 42. Kf3 Re6 43. e4 Re7 44. Ra5 Rf7+ 45. Ke2 Bf4 46. Ra6
g5 47. Nf2 Rd7 48. Nd3 Re7 49. Kf3 Bd2 50. Rd6 Rf7+ 51. Ke2 Bf4 52. Rd5 Kg6 53.
Rb5 Kh5 54. e5 Kg4 55. Kf2 Bg3+ 56. Ke3 Bf4+ 57. Ke4 Kg3 58. Rb2 Re7 59. Nxf4
gxf4 60. Rb3+ Kg4 61. Rf3 Rf7 62. e6 Rf8 63. Ke5 Kg5 64. e7 Re8 65. Ke6 Kg6 66.
Kd7 1-0